Sports Quiz

Random Sports or Country Quiz

Countries in the Under-20 World Cups Quiz Stats

 Plays Quiz not verified by Sporcle

Challenge
Share
Tweet
Embed
Score 0/90 Timer 11:00
0 Plays Today
First U-20 World Cup Country % Correct
1977Brazil
98.5%
1979Argentina
94.4%
1977Mexico
93.9%
1981USA
93.4%
1979Canada
92.9%
1979Japan
92.9%
1977France
92.4%
1985Colombia
91.9%
1989Norway
91.9%
1991Republic of Ireland
91.9%
1979Portugal
91.4%
1987Chile
91.4%
1993Russia
91.4%
1977Paraguay
90.9%
1981Egypt
90.9%
1981England
90.9%
1983China
90.9%
1991Sweden
90.9%
1993Germany
90.9%
2001Finland
90.9%
1983Netherlands
89.4%
1997Belgium
89.4%
2013Greece
89.4%
1977Italy
88.9%
1991Korea (North & South)
88.9%
1981Australia
88.9%
1977Spain
88.4%
1979Poland
88.4%
1997South Africa
88.4%
2001Czech Republic
88.4%
First U-20 World Cup Country % Correct
2001Jamaica
88.4%
2007New Zealand
88.4%
1977Austria
87.9%
1977Uruguay
87.4%
1979Algeria
87.4%
2013Cuba
87.2%
2013El Salvador
87.2%
1977Iran
86.9%
1977Iraq
86.9%
1983Scotland
86.9%
1977Honduras
85.9%
1993Turkey
85.4%
1979 South Korea
84.8%
1977Hungary
84.3%
2003Slovakia
84.3%
2005Switzerland
84.3%
1983Nigeria
83.3%
1999Croatia
82.3%
1993Ghana
82.3%
1985Saudi Arabia
80.8%
1977USSR
80.3%
1985Bulgaria
80.3%
1983Czechoslovakia
79.8%
2001Ukraine
79.8%
1977Côte D'Ivoire
79.3%
1981Cameroon
79.3%
1981Romania
79.3%
2001Ecuador
78.8%
1977Morocco
78.3%
1989Costa Rica
78.3%
First U-20 World Cup Country % Correct
2009Venezuela
76.8%
1979Yugoslavia
75.8%
2007North Korea
74.7%
2001Angola
73.7%
1977Tunisia
73.2%
1985Northern Ireland
70.7%
1987East Germany
70.2%
1991Trinidad & Tobago
68.7%
1979 Indonesia
68.2%
1997United Arab Emirates
66.2%
1981 Qatar
65.2%
1981West Germany
65.2%
2005Panama
65.2%
2007Jordan
64.1%
1987Togo
63.1%
2005Benin
60.1%
1989Syria
59.6%
1997 Malaysia
58.6%
1989Mali
57.1%
1999Kazakhstan
56.6%
1999Zambia
56.6%
1979 Guinea
53%
2003Burkina Faso
52.5%
2007The Gambia
51.5%
1987Bahrain
50%
2003Uzbekistan
49%
2007Republic of The Congo
43.9%
1995Burundi
40.9%
2009Tahiti
38.9%
2011Guatemala
36.4%

You're not logged in!

Compare scores with friends on all Sporcle quizzes.
Join for Free
OR
Log In

You Might Also Like...

Show Comments

Extras

Created Nov 14, 2009ReportNominate
Tags:Country Quiz, World Quiz, cup, u-20, under

Top Quizzes Today


Score Distribution

Your Account Isn't Verified!

In order to create a playlist on Sporcle, you need to verify the email address you used during registration. Go to your Sporcle Settings to finish the process.

Report this User

Report this user for behavior that violates our Community Guidelines.

Details: